000 01094nam a2200241 i 4500
001 6666
003 ES-MaACL
005 20250815062557.0
007 t|
008 900212m19601985sp ||||1| spa d
080 _a9(100)(021)
245 0 0 _aManual de historia universal.
260 _aMadrid :
_bEspasa-Calpe,
_c1960-1985.
300 _a7 v. :
_bil. ;
_c25 cm.
505 8 _at. I. Prehistoria / Martín Almagro Basch. -- 1a ed. -- t. II. Edad antigua / Luis Suárez Fernández. -- 3a ed. -- t. III. Edad media / Luis Suárez Fernández. -- 3a ed. -- t. IV. Edad moderna / Vicente Palacio Atard. -- 3a ed. -- t. V. Edad contemporánea / Vicente Palacio Atard. --1a ed. -- t. VI. y VII. Historia de América / Francisco Morales Padrón. -- 2a ed.
650 7 _aHistoria universal
_2embne
_913429
700 1 _aAlmagro Basch, Martín.
_920073
700 1 _aSuárez Fernández, Luis,
_d1924-2024
_9240112
700 1 _aPalacio Atard, Vicente,
_d1920-2013
_988374
700 1 _aMorales Padrón, Francisco,
_d1924-2010
_983066
852 _aES-MaACL
_jL-13852-58
_bR.49789
999 _c6666
_d6666